000 00322nab a22001097u 4500
008 130520b1983 xxu||||| |||| 00| 0 spa d
041 _aspa
100 1 _aKuschel, Karl-Josef
_922768
245 0 0 _aMaría y las literaturas
_cKarl-Josef Kuschel
773 0 _tConcilium
_gV.3,1983,págs.305-317
_x0210-1041
_wRev134
942 _cAR
999 _c355030
_d355030